Tradičné kozmetické značky na Slovensku

Analýza a postavanie výrobcov slovenských značiek kozmetických výrobkov na Slovensku. Kozmetika a jej tradícia na území dnešného Slovenska. Z histórie je zaujímavé 16.storočie, kedy sa rozvinulo prírodné ľudové liečiteľstvo – olejkárstvo. Konkurenčný boj medzi slovenskými a zahraničnými firmami vo v...

Descripción completa

Guardado en:
Detalles Bibliográficos
Autor principal: Dudeková, Alena, 1986-
Formato: Capítulo de libro
Lenguaje:eslovaco
Materias:
Etiquetas: Agregar Etiqueta
Sin Etiquetas, Sea el primero en etiquetar este registro!

MARC

LEADER 00000nla a2200000 4500
001 0213616
005 20240502073550.6
041 0 |a slo 
044 |a SK 
245 1 0 |a Tradičné kozmetické značky na Slovensku  |c Alena Dudeková 
520 |a Analýza a postavanie výrobcov slovenských značiek kozmetických výrobkov na Slovensku. Kozmetika a jej tradícia na území dnešného Slovenska. Z histórie je zaujímavé 16.storočie, kedy sa rozvinulo prírodné ľudové liečiteľstvo – olejkárstvo. Konkurenčný boj medzi slovenskými a zahraničnými firmami vo výrobe kozmetiky. 
610 2 0 |a Slovensko 
610 2 0 |a výroba priemyselná 
610 2 0 |a značky výrobné 
610 2 0 |a kvalita tovaru 
610 2 0 |a história 
610 2 0 |a firmy 
610 2 0 |a kozmetika 
610 2 0 |a potreby toaletné 
610 2 0 |a konkurencia 
100 1 |a Dudeková, Alena, 1986-